000 00997nam a2200277Ia 4500
001 Para_10457
003 CHAP
008 220125sDici xx 000 0 und d
010 _a209142
040 _cCHAP
090 _aPA CD - TESIS 485
100 _aTapia Guadalupe, Guadalupe
_9130499
245 _aAlelopatía de ipomoea batatas L. (Lam) sobre tres especies de malezas en condiciones de laboratorio e invernadero /
_c Guadalupe Tapia Guadalupe; Director Andrés Bolaños Espinoza
260 _aChapingo, Méx. :
_b el autor
300 _a1 CDS ROM (s/n p.)
502 _aTesis (Ing. Agr. Esp. Parasitología Agrícola). UACH. Departamento Parasitología Agrícola
700 _aBolaños Espinoza, Andrés. Director
_9175127
710 _aUACH Departamento Parasitología Agrícola
901 _aPA CD - TESIS 485
902 _aM
905 _a513220Diciembre, 2015 anm 8100000000 06
910 _aDici
942 _cPARA
942 _cPARA
_d2
999 _c209142
_d209142